000 00679nam a22002297a 4500
003 OSt
005 20161012183232.0
008 161012b xxu||||| |||| 00| 0 eng d
020 _a981-240-953-x
040 _cLIC
082 _22002
_aDC 657
_bW25
100 _916065
_aWarren, Carl S.
245 _aAccounting/
_cCarl S. Warren, James M. Reeve, Philip E. Fess.
250 _aThirteenth Edition
260 _aAustralia:
_bThomson Learning,
_cc2002.
300 _axxii, 474 pages:
_billustrations;
_c24 cm.
500 _aincludes glossary and index.
650 0 _916066
_aAccounting
700 _916067
_aReeve, James M.
700 _916068
_aFess, Philip E.
942 _2ddc
_cDC
999 _c5168
_d5168